| 000 | 00364nam a2200133Ia 4500 | ||
|---|---|---|---|
| 008 | 210430s9999 xx 000 0 und d | ||
| 020 | _a959-959 | ||
| 082 | _a662.2 Z19 N | ||
| 100 |
_aN Zahir _954779 |
||
| 245 |
_aNo 17 Explosives Ordnance Engineering Course _cN Zahir |
||
| 260 |
_aRoyal Military college _bN Zahir _c2002 |
||
| 300 | _a82p | ||
| 942 |
_cBK _2ddc |
||
| 999 |
_c565499 _d565499 |
||